000 00472nam a2200169 4500
001 45892
090 _a45892
100 _a20260320 pory50
101 _apor
102 _aPT
200 _aAs estórias nunca contadas pela história
_d100 anos da República
_fDiário de Notícias
210 _a[S.l.]
_cDiário de Notícias
_d[D.L. 2010]
215 _a1 v.
_cil.
305 _adist. em fasc. arquivados em capa dura
675 _a94(469)
801 _aPT
_gRPC
990 _cLIVROS